[Event "ch-USA"]
[Site "Saint Louis USA"]
[Date "2009.05.11"]
[Round "4"]
[White "Shulman, Y."]
[Black "Nakamura, Hi"]
[Result "*"]
[WhiteElo "2632"]
[BlackElo "2701"]
[PlyCount "157"]
[EventDate "2009.05.08"]

1. d4 d5 2. c4 dxc4 3. Nf3 Nf6 4. e3 e6 5. Bxc4 a6 6. O-O c5 7. Bb3 Qc7 8. Qe2
Nc6 9. Nc3 Bd6 10. Rd1 O-O 11. h3 Rd8 12. dxc5 Bxc5 13. Rxd8+ Qxd8 14. e4 Nd4
15. Qd1 Nxf3+ 16. Qxf3 Bd7 17. Bg5 h6 18. Bh4 Bc6 19. Rd1 Qe7 20. Qe2 g5 21.
Bg3 Rd8 22. e5 Ne8 23. Ne4 Bxe4 24. Qxe4 Ng7 25. Bh2 Rxd1+ 26. Bxd1 Qd7 27. Qe2
Nf5 28. g4 Nh4 29. Bg3 Qd5 30. Bxh4 gxh4 31. Bb3 Qd4 32. Kg2 Qf4 33. Bc2 Bd4
34. Qf3 Qxe5 35. b3 Qg5 36. Bd3 h5 37. Qe4 Qf6 38. Qf3 hxg4 39. Qxg4+ Kf8 40.
Qf3 Qd8 41. Qe4 a5 42. a4 b6 43. Bc4 Bf6 44. Qd3 Qc7 45. Qe4 Qc5 46. Qf3 Qg5+
47. Qg4 Qe5 48. Qe2 Qc7 49. Qe4 Ke7 50. Qg4 Qd6 51. Qe4 Bg5 52. Qb7+ Kf8 53.
Qa8+ Kg7 54. Qe4 Qc5 55. Qf3 Qe5 56. Qe2 Qf6 57. Qe4 Bf4 58. Kg1 Bc7 59. Kg2
Kf8 60. Qa8+ Ke7 61. Qe4 Qh6 62. Qf3 Qh8 63. Qe4 Qf6 64. Qg4 Bd6 65. Qe4 Bc5
66. Qb7+ Kf8 67. Qa8+ Kg7 68. Qf3 Qh6 69. Qe4 Qf6 70. Qf3 Qd8 71. Qg4+ Kf8 72.
Qf4 Qe7 73. Qb8+ Kg7 74. Qe5+ Kg8 75. Qf4 e5 76. Qg4+ Kf8 77. Qc8+ Kg7 78. Qg4+
Kh6 79. Qf5 *